000 01224nam a22004097a 4500
005 20250718163736.0
008 181126b2016 xxu||||| |||| 00| 0 spa d
020 _a9786076226681
041 _aESP
082 _a658.409.2 AC185d6
100 _aAcosta, José María
_98410
245 _aDirigir: liderar, motivar, comunicar, delegar, dirigir reuniones
250 _a6 edición
260 _aMéxico
260 _bAlfaomega
260 _c2016
300 _a268 páginas
490 _aDirección y Administración de Empresas
650 _aLIDERAZGO EJECUTIVO
650 _aDIRECCIÓN DE EQUIPOS
650 _aLIDERAR
650 _aINTELIGENCIA EMOCIONAL
650 _aEMOCIONES Y EL LÍDER
650 _aESTILOS DE LIDERAZGO
650 _aFACTORES DEL LIDERAZGO TRANSFORMACIONAL
650 _aMOTIVACIÓN EN LA ORGANIZACIÓN
650 _aTEORÍA DE MCCLELLAND
650 _aCOMUNICACIÓN
650 _aFEEDBACK COMO CIERRE DEL PROCESO
650 _aCANALES DE COMUNICACIÓN
650 _aLENGUAJE CORPORAL
650 _aCOMUNICACIÓN ESCRITA
650 _aDELEGACIÓN DE FUNCIONES
650 _aSÍNTOMAS DE LA MALA DELEGACIÓN
650 _aDIRIGIR REUNIONES
942 _cBK
_2ddc
999 _c11367
_d11367